| 000 | 01252nam2a22002411 4500 | ||
|---|---|---|---|
| 001 | rc\508789 | ||
| 005 | 20250621135406.0 | ||
| 035 | _a(NLR Aleph) 005810783 | ||
| 090 |
_a5384721 _c5384721 |
||
| 100 | _a20030616d1987 |||y0rusy50 ca | ||
| 101 | 0 | _arus | |
| 102 | _aRU | ||
| 105 | _aa ||||||||| | ||
| 200 | 0 | _aЧ. 1 | |
| 210 |
_d1987 _aБ. м. |
||
| 215 |
_a151, 10 с. _cил. |
||
| 320 | _aБиблиогр. в конце докл. | ||
| 461 | 0 |
_1001rc\508788 _12001#$aСовременные экспериментальные методы исследования процессов тепло- и массообмена$eМатериалы междунар. школы-семинара [май 1987 г.$fРедкол.: Р.И. Солоухин (отв. ред.) и др.]$vЧ. 1 _95384715 _cМинск _d1987- _fРедкол.: Р.И. Солоухин (отв. ред.) и др.] _nИТМО _oМатериалы междунар. школы-семинара [май 1987 г. _tСовременные экспериментальные методы исследования процессов тепло- и массообмена _vЧ. 1 |
|
| 801 | 0 |
_aRU _bNLR _gpsbo |
|
| 801 | 1 |
_aRU _bELAR _2rusmarc |
|
| 852 |
_aNLR _j87-3/10398 |
||
| 942 | _cBOOK | ||
| 980 | _aNB | ||